[Event "Champagne-chT"]
[Site "Ardennes"]
[Date "2005.05.05"]
[Round "4"]
[White "Corchette, Fabien"]
[Black "Roig, Denis"]
[Result "1-0"]
[WhiteElo "1580"]
[BlackElo "1100"]
[PlyCount "33"]
[EventDate "2005.05.05"]
[EventType "team"]
[EventRounds "8"]
[EventCountry "FRA"]
[SourceTitle "EXT 2007"]
[Source "ChessBase"]
[SourceDate "2006.11.23"]
[SourceVersion "1"]
[SourceVersionDate "2006.11.23"]
[SourceQuality "1"]

1. d4 d5 2. c4 c6 3. Nc3 Nf6 4. Nf3 Bf5 5. cxd5 cxd5 6. Bg5 Nc6 7. Bxf6 exf6 8. Qb3 Na5 9. Qxd5 Qxd5 10. Nxd5 Be4 11. Nc7+ Kd7 12. Nxa8 Bc2 13. Rc1 Bb4+ 14. Nd2 Rc8 15. e3 Bxd2+ 16. Kxd2 Nc4+ 17. Bxc4 1-0